Kliknij stany i terytoria Australii na mapie - Statystyki

Ogólne statystyki
  • Ten quiz został rozwiązany 76 razy
  • Średni wynik to 6 z 8
Odpowiedzi na mapie
Odpowiedzi zakodowano w zielono-czerwonej skali na mapie do tego quizu, zgodnie z poniższymi procentami.
 
Statystyki odpowiedzi
Odpowiedź % Poprawnych
Terytorium Północne
96%
Australia Zachodnia
93%
Tasmania
89%
Australia Południowa
85%
Wiktoria
80%
Queensland
73%
Australijskie Terytorium Stołeczne
69%
Nowa Południowa Walia
58%
Nie znaleziono quizów pasujących do podanych kryteriów
Rozkład punktacji
Procent ludzi z każdym wynikiem
Percentyl według liczby udzielonych odpowiedzi
Twoja historia wyników
Nie rozwiązałeś tego quizu